000 00356nam a2200145Ia 4500
008 230711s9999||||xx |||||||||||||| ||und||
041 _aENG
082 _a621
_bRA-M
100 _aRankilor.P.R
245 0 _aMembranes in ground engineering
250 _a1st
260 _c1981
_aNew York
_bJohn Wiley & Sons.Inc
650 _aCivil Engineering
942 _cBK
999 _c1104
_d1104